00592nam a2200169 a 450000500170000000800410001702000180005805000240007610000190010024500670011926000390018630000100022544000340023565000120026999900190028195201220030020140412111250.0010328s19uu xx 00 eng d a0-590-76493-4 aTR(GS 414bS36 Bk.6 aDaniel, Claire aBeginning & ending consonants, grades 1-2 /cby Claire Daniel. aNew York :bScholastic Inc,c1997. a31 p. aScholastic: Fun with Phonics! aPhonics c103111d103111 001040aELbELcTRd2001-03-28eLib. Fundg425.00l0oTR(GS 414 S36 Bk.6pE3882r2014-04-12 00:00:00w2014-04-12yBK